000 00325nam a2200133Ia 4500
008 240624s9999 xx 000 0 und d
041 _aeng
082 _a658.45 GHO
100 _aGHOSH MEETA
245 _aBUSINESS COMMUNICATION SKILLS
260 _c2012
_aDelhi
_bPearson
300 _a222 : p. : cm. ; 23
365 _cRS
_b30
999 _c18914
_d18914